000 00674nam a2200181Ia 4500
008 090124s9999 xx 000 0 und d
082 _b14165
_a3385
100 _aकाळे व.पु. (वसंत पुरुषोत्तम)
245 _a नवरा म्हणावा आपला
250 _a1
260 _c1964
300 _a128
600 _aकाळे व.पु. (वसंत पुरुषोत्तम)
630 _a नवरा म्हणावा आपला
700 _aकाळे व.पु. (वसंत पुरुषोत्तम)
730 _a नवरा म्हणावा आपला
942 _cBOOK
999 _c128105
_d128105